Modern methods for the design and control of inland waterways /

Bibliographic Details
Corporate Authors: International Congress of Navigation, Waterloopkundig Laboratorium (Delft, Netherlands)
Other Authors: Bos, M. R. W.
Format: Conference Proceeding Book
Language:English
Published: [Delft, Netherlands] : Delft Hydraulics, [1991]
Series:Publication (Waterloopkundig Laboratorium (Delft, Netherlands) : 1987) ; 463.
Subjects:

MARC

Tag First Indicator Second Indicator Subfields
LEADER 00000cam a2200000Ia 4500
001 in00001809331
005 20151025185503.0
008 920226e199111 ne ab tb 000 0 eng d
035 |a (OCoLC)ocm25335501 
040 |a AEB  |c AEB  |d TXA  |d UtOrBLW 
049 |a TXAM 
090 |a TC160  |b .D417 no.463 
245 0 0 |a Modern methods for the design and control of inland waterways /  |c M.R.W. Bos [and others]. 
264 1 |a [Delft, Netherlands] :  |b Delft Hydraulics,  |c [1991] 
300 |a 18 pages :  |b illustrations, maps ;  |c 30 cm. 
336 |a text  |b txt  |2 rdacontent 
337 |a unmediated  |b n  |2 rdamedia 
338 |a volume  |b nc  |2 rdacarrier 
490 1 |a Publication ;  |v no. 463 
500 |a "Presented at the 27th International Navigation Congress, Osaka, Japan, 20-26 May 1990.". 
500 |a Summary in French. 
500 |a "November 1991." 
504 |a Includes bibliographical references (page 17). 
650 0 |a Inland navigation  |z Netherlands  |x Design and construction. 
700 1 |a Bos, M. R. W. 
711 2 |a International Congress of Navigation  |n (27th :  |d 1990 :  |c Osaka, Japan) 
710 2 |a Waterloopkundig Laboratorium (Delft, Netherlands) 
830 0 |a Publication (Waterloopkundig Laboratorium (Delft, Netherlands) : 1987) ;  |v 463. 
948 |a cataloged  |b h  |c 2003/12/12  |d c  |e jgreene  |f 5:05:58 pm 
994 |a E0  |b TXA 
999 |a MARS 
999 f f |s f21ee548-086f-312d-b40d-41d12b43c4c9  |i a1752082-4575-30e2-8b84-1470a61edaee  |t 0 
952 f f |p ric  |a Texas A&M University  |b Rellis Campus  |c Joint Library Facility  |d Remote Storage  |t 0  |e TC160 .D417 no.463  |h Library of Congress classification  |i unmediated -- volume  |m A14830901843 
998 f f |a TC160 .D417 no.463  |t 0  |l Remote Storage